| 000 | 00592nam a22001937a 4500 | ||
|---|---|---|---|
| 005 | 20260203100752.0 | ||
| 008 | 260203b |||||||| |||| 00| 0 eng d | ||
| 020 | _a978-81-7371-787-1 | ||
| 050 | _aRS 164 .A 347 2012 | ||
| 100 | _aAGRAWAL, S S | ||
| 245 | _aHERBAL DRUG TECHNOLOGY | ||
| 250 | _a2 | ||
| 260 |
_aHIMAYATNAGAR, _bUNIVERSITIES PRESS (INDIA) PRIVATE LIMITED _c2012, |
||
| 300 | _aiX, 816 P, ILL | ||
| 500 | _aINCLUDES BIBLIOGRAPHICAL REFERENCES AND INDEX | ||
| 650 | _aPHARMACOLOGY- TEXTBOOKS, MEDICINE PLANTS- THERAPEUTICS | ||
| 700 | _aPARIDHHAVI M | ||
| 942 |
_2lcc _cBK |
||
| 999 |
_c216511 _d216511 |
||